Presidentes do Benfica - Statistics

General Stats
  • This quiz has been taken 8 times
  • The average score is 6 of 40
Answer Stats
Hint Answer % Correct
2021- Rui Costa
100%
2003-2021 Luís Filipe Vieira
88%
1997-2000 João Vale e Azevedo
75%
2000-2003 Manuel Vilarinho
63%
1994-1997 Manuel Damásio
38%
1967-1969 Adolfo Vieira de Brito
13%
1964-1965 Adolfo Vieira de Brito
13%
1917-1926 Bento Mântua
13%
1969-1977 Duarte Borges Coutinho
13%
1945-1946 Félix Bermudes
13%
1916 Félix Bermudes
13%
1981-1987 Fernando Martins
13%
1962-1964 Fezes Vital
13%
1987-1992 João Santos
13%
1947-1949 João Tamagnini de Barbosa
13%
1952-1957 Joaquim Ferreira Bogalho
13%
1992-1994 Jorge de Brito
13%
1977-1981 José Ferreira Queimado
13%
1966-1967 José Ferreira Queimado
13%
1946-1947 Manuel da Conceição Afonso
13%
1936-1938 Manuel da Conceição Afonso
13%
1930-1933 Manuel da Conceição Afonso
13%
1957-1962 Maurício Vieira de Brito
13%
1912-1915 Alberto Lima
0%
1911-1912 Alberto Lima
0%
1926-1930 Alfredo Ávila de Melo
0%
1910-1911 Alfredo da SIlva
0%
1911 António de Almeida Guimarães
0%
1939-1945 Augusto da Fonseca Júnior
0%
1965-1966 Catarino Duarte
0%
1912 Eduardo Moreira Sales
0%
1949-1952 Gusmão Madeira
0%
1906-1908 Januário Barreto
0%
1907-1910 João José Pires
0%
1915-1916 José dos Santos Júnior
0%
1904-1906 José Rosa Rodrigues
0%
1906-1907 Luís de Faria Leal
0%
1916-1917 Nuno Freire Themudo
0%
1938-1939 Ribeiro da Costa
0%
1933-1936 Vasco Rosa Ribeiro
0%
No matching quizzes found
Score Distribution
Percent of People with Each Score
Percentile by Number Answered
Your Score History
You have not taken this quiz